000 00463nam a2200157Ia 4500
008 100415s9999 xx 000 0 und d
082 _b21376
_a910
100 _aNATIONAL GEOGRAPHIC
245 _aThe National Geographic Desk Reference
260 _aWASHINGTON
_c1999
_bNATIONAL GEOGRAPHIC
365 _b1800
530 _bDonated Copy
630 _aThe National Geographic Desk Reference
730 _aThe National Geographic Desk Reference
942 _cBOOK
999 _c604258
_d604255